| 000 | 00433cam a22001337a 4500 | ||
|---|---|---|---|
| 008 | 180718b2002 xxu||||| |||| 00| 0 eng d | ||
| 082 | _aK18x54 Sh23 | ||
| 100 | _aSharma B.D. | ||
| 245 |
_aThe Besieged : criminal offences, derelication of duties and subversion of democracy in Bastar region _cby B.D. Sharma |
||
| 260 |
_aNew Delhi _bSahyog Pustak Kuteer _c2002 |
||
| 300 | _a144p. | ||
| 650 | _aBureaucracy | ||
| 650 | _aCivil service | ||
| 999 |
_c492161 _d492161 |
||